| Tag |
First Indicator |
Second Indicator |
Subfields |
| LEADER |
00000cam a2200000Ia 4500 |
| 001 |
in00002000315 |
| 005 |
20151031124743.0 |
| 008 |
870513e198703 maua bt 000 0 eng d |
| 035 |
|
|
|a (OCoLC)ocm15681036
|
| 040 |
|
|
|a RIN
|c RIN
|d OCLCQ
|d TXA
|d UtOrBLW
|
| 049 |
|
|
|a TXAM
|
| 090 |
|
|
|a GC1
|b .W582 no. 87-12
|
| 100 |
1 |
|
|a Manheim, Frank T.
|
| 245 |
1 |
0 |
|a Options for radioactive and other hazardous waste siting within the U.S. Exclusive Economic Zone /
|c by Frank T. Manheim and Allyn Vine.
|
| 264 |
|
1 |
|a Woods Hole, Mass. :
|b Woods Hole Oceanographic Institution,
|c 1987.
|
| 300 |
|
|
|a 16 leaves :
|b illustrations ;
|c 28 cm.
|
| 336 |
|
|
|a text
|b txt
|2 rdacontent
|
| 337 |
|
|
|a unmediated
|b n
|2 rdamedia
|
| 338 |
|
|
|a volume
|b nc
|2 rdacarrier
|
| 490 |
1 |
|
|a WHOI ;
|v 87-12.
|a Technical report
|
| 500 |
|
|
|a "March 1987."
|
| 504 |
|
|
|a References : pages 15-16.
|
| 650 |
|
0 |
|a Radioactive waste disposal in the ocean.
|
| 650 |
|
0 |
|a Economic zones (Law of the sea)
|
| 700 |
1 |
|
|a Vine, Allyn.
|
| 830 |
|
0 |
|a Woods Hole Oceanographic Institution (Series) ;
|v no. 87-12.
|
| 830 |
|
0 |
|a Technical report (Woods Hole Oceanographic Institution)
|
| 994 |
|
|
|a C0
|b TXA
|
| 948 |
|
|
|a cataloged
|b h
|c 2004/10/22
|d c
|e bhartsfi
|f 12:50:57 pm
|
| 999 |
|
|
|a MARS
|
| 999 |
f |
f |
|s f0b1d0b3-7e46-3e4e-b7d7-2635ea2b91ab
|i a166d5a5-88fa-3a67-973e-3d8a92e5f312
|t 0
|
| 952 |
f |
f |
|p ric
|a Texas A&M University
|b Rellis Campus
|c Joint Library Facility
|d Remote Storage
|t 0
|e GC1 .W582 no.87-12
|h Library of Congress classification
|i unmediated -- volume
|m A14831285761
|
| 998 |
f |
f |
|a GC1 .W582 no.87-12
|t 0
|l Remote Storage
|